000 00936nam a2200229Ii 4500
003 JO-AjNU
008 230605s9999||||xx |||||||||||||| ||und||
017 _a2127/4/2009
020 _a978-9957-07-645-0
040 _aJO-AjNU
_bara
_erda
_cJO-AjNU
041 _aara
050 1 4 _aLC4661.H3712 2010
100 3 _aهاريدي،لوكاند مؤلف/ر.رامر م.مشارك/كوسوما م.مشارك/سالم،محمود عوض الله مترجم/الشحات،محمد مجدي مترجم/إسماعيل،محمد يونس مراجع,
_eauthor
_942869
245 0 0 _aبطيئو التعلم خصائصهم النفسية وتعليمهم
250 _aط1
264 3 1 _aعمان:دار الفكر،2010
300 _a282ص
336 _atext
_btxt
_2rdacontent
337 _aunmediated
_bn
_2rdamedia
338 _avolume
_bnc
_2rdacarrier
650 4 _aالتعليم الخاص-المعوقون-بطيئ التعلم
_942870
999 _aA18388
_c21956
_d21956